00960nam a2200265 i 4500001000400000245005600004250001300060260005200073300004600125490003800171500002000209505002800229650002600257650003900283650004100322650003200363655003400395710005700429830003800486020001500524040000800539041000800547008004100555856009800596bgj00aCambridge first certificate examination practice 2. a[Repr.]. aCambridge :bCambridge University Press,c1991. a115. [7] pp :bdrawings, photos ;c24 cm.1 aCambridge Examinations Publishing a1st publ. 1986. aIncludes answer sheets. 9aEnglish languagexFCE 9aEnglish languagexFCE examinations 9aEnglish languagexFCE practice tests 9aEnglish languagexFCE tests aExaminations, questions, etc.0 aUNIVERSITY OF CAMBRIDGE LOCAL EXAMINATIONS SYNDICATE aCambridge Examinations Publishing a0521408342 cBPK0 aeng s uk f |000 0 eng  uhttp://koha.tu.koszalin.pl/cgi-bin/koha/opac-detail.pl?biblionumber=47373yKatalog online BPK